000 00446nam a2200181Ia 4500
005 20250326142229.0
008 250326s9999 xx 000 0 und d
037 _aTextbook
040 _aFMSL
_beng
_cFMSL
041 _aeng
_2eng
084 _qFMSL
100 _aSubramanian K N
245 0 _aWages in India
_cSubramanian K N
260 _aTata
_bTata, McGraw Hill
_c1977
300 _a807p
942 _cTB
999 _c1294040
_d1294040